LEADER 00840nas 22002653a 450 001 996336791103316 005 20130124095935.0 035 $a(OCoLC)14101466 035 $a(CKB)991042746956412 035 $a(CONSER)sn-86011707- 035 $a(EXLCZ)99991042746956412 100 $a19860818a198u9999 --- a 101 0 $aeng 200 00$aFinancial independence 210 $a[Washington, D.C. $cCapitol Planning Corp. Communications Division] 311 $a0889-9452 606 $aFinance$xManagement$vPeriodicals 606 $aFinance, Personal$xManagement$vPeriodicals 615 0$aFinance$xManagement 615 0$aFinance, Personal$xManagement 712 02$aCapitol Planning Corporation.$bCommunications Division. 906 $aJOURNAL 912 $a996336791103316 996 $aFinancial independence$92395355 997 $aUNISA